000
00258nam a2200109Ia 4500
008
220204s9999 xx 000 0 und d
082
_a
82-3
_b
CHA
100
_a
Chandler, Frank
245
2
_a
A Fistful of dollars
260
_a
London
_b
Allen
_c
1972
942
_c
BK
999
_c
38741
_d
38741